| 000 | 00957pam a2200301 a 4500 | ||
|---|---|---|---|
| 001 | 1951135 | ||
| 003 | OSt | ||
| 005 | 20140315092745.0 | ||
| 008 | 871119t19881939maua j 000 1 eng | ||
| 010 | _a 87033549 | ||
| 020 | _a0590225391 (pbk.) : | ||
| 040 |
_aDLC _cDLC _dDLC |
||
| 042 | _alcac | ||
| 050 | 0 | 0 |
_aPZ 7 _b.L4384Be 1967 |
| 100 | 1 |
_aLawson, Robert, _d1892-1957. _925643 |
|
| 245 | 1 | 0 |
_aBen and me : _ba new and astonishing life of Benjamin Franklin as written by his good mouse Amos / _cRobert Lawson. |
| 260 |
_aNew York: _bScholastic Inc. _c1967. |
||
| 300 |
_a113 p. : _bill. ; _c19 cm. |
||
| 521 | _aG9 | ||
| 526 | _c1010 | ||
| 600 | 1 | 0 |
_aFranklin, Benjamin, _d1706-1790 _xJuvenile fiction. _925644 |
| 600 | 1 | 1 |
_aFranklin, Benjamin, _d1706-1790 _xFiction. _925645 |
| 650 | 1 |
_aMice _xFiction. _925646 |
|
| 906 |
_a7 _bcbc _corignew _d1 _eocip _f19 _gy-gencatlg |
||
| 942 |
_2lcc _cBK |
||
| 999 |
_c47414 _d47414 |
||